000 02236nas a2200325 i 4500
001 172937
003 ES-MaACL
005 20251012183201.0
007 t|
008 090917c19051907sp a| | 1 ||pa d
080 _a3 : 061.12(460)
110 2 _aReal Academia de Ciencias Morales y Políticas (España)
_9222050
245 1 0 _aDiscursos de recepción leídos en la Real Academia de Ciencias Morales y Políticas
_g1905.
260 _aMadrid :
_b[s. n.],
_c1905 (Est. Tip. Sucesores de Ribadeneyra)
300 _a1 v. ;
_c26 cm.
505 8 _aContiene: T. VIII: El materialismo histórico en relación con algunas de las principales instituciones civiles del derecho privado / Felipe Sánchez Román (129 p.). Crisis contemporánea del régimen parlamentario / Pío Gullón e Iglesias (63 p.). Contestación / Gumersindo de Azcárate y Menéndez (p. 65-85). La autoridad y la propiedad / Victoriano Guisasola y Menéndez (48 p.). Contestación / Francisco Javier González de Castejón y Elío, Marqués del Vadillo (p. 49-77). Nuevos fundamentos de la moral / Manuel Sales Ferré (88 p.). Contestación / Eduardo Sanz y Escartín (p. 89-123). La condición de la mujer casada en la esfera del derecho civil / Eduardo de Hinojosa (55 p.). Contestación / Marqués de Pidal (p. 57-77). La representación parlamentaria, el sufragio obligatorio y el referendum / Julián García San Miguel (92 p.). Contestación / Marqués de la Vega de Armijo (p. 93-106).
700 1 _aAzcárate, Gumersindo de,
_d1840-1917
_924243
700 1 _aAguilar y Correa, Antonio,
_cMarqués de la Vega de Armijo,
_d1824-1908
_918751
700 1 _aSanz y Escartín, Eduardo,
_d1855-1939
_9103695
700 1 _aSánchez Román, Felipe.
_9102897
700 1 _aGullón, Pío.
_960937
700 1 _aGuisasola y Menéndez, Victoriano,
_d1852-1920
_960900
700 1 _aGonzález de Castejón y Elío, Francisco Javier,
_cMarqués de Vadillo
_958534
700 1 _aSales Ferré, Manuel.
_9101880
700 1 _aHinojosa y Naveros, Eduardo de,
_d1852-1919
_9125519
700 1 _aPidal y Mon, Luis,
_cMarqués de Pidal,
_d1842-1913
_991891
700 1 _aGarcía San Miguel, Juan.
_955253
852 _aES-MaACL
_jK-190
999 _c172937
_d172937